Информационная система медицинского учреждения "Клиника красоты"; Современные техника и технологии; Т. 1

Bibliografske podrobnosti
Parent link:Современные техника и технологии: 12-я международная научно-практическая конференция студентов, аспирантов и молодых ученых, г. Томск, 27 марта - 31 марта 2006 г./ Томский политехнический университет.— , 2006
Т. 1.— 2006.— С. 318-320
Glavni avtor: Аникин А. С.
Jezik:ruščina
Izdano: 2006
Teme:
Format: Book Chapter
KOHA link:https://koha.lib.tpu.ru/cgi-bin/koha/opac-detail.pl?biblionumber=113902

MARC

LEADER 00000naa2a2200000 4500
001 113902
005 20231031122038.0
035 |a (RuTPU)RU\TPU\book\123173 
090 |a 113902 
100 |a 20070417d2006 k y0rusy50 ca 
101 0 |a rus 
102 |a RU 
200 1 |a Информационная система медицинского учреждения "Клиника красоты"  |f А. С. Аникин 
320 |a Библиогр.: 2 назв. 
461 1 |0 (RuTPU)RU\TPU\book\111998  |t Современные техника и технологии  |o 12-я международная научно-практическая конференция студентов, аспирантов и молодых ученых, г. Томск, 27 марта - 31 марта 2006 г.  |o труды в 2 т.  |f Томский политехнический университет  |d 2006 
463 0 |0 (RuTPU)RU\TPU\book\111471  |t Т. 1  |v С. 318-320  |d 2006  |p 524 с. 
610 1 |a медицина 
610 1 |a Клиника красоты 
610 1 |a информационные системы 
610 1 |a частные клиники 
610 1 |a труды учёных ТПУ 
700 1 |a Аникин  |b А. С. 
801 1 |a RU  |b 63413507  |c 20070417  |g PSBO 
801 2 |a RU  |b 63413507  |c 20141101  |g RCR 
942 |c BK